[Event "English Schools Championship Final 2024"]
[Site "Nottingham University Kings Meadow Campus, United Kingdom"]
[Date "2024.06.28"]
[Round "5.38"]
[White "Solodko, Nikolai"]
[Black "Rasalingam, Rishi"]
[Result "1-0"]
[TimeControl "G50' + 10\" per move."]
[WhiteFideId "343401589"]
[BlackFideId "452017"]
[WhiteElo "1524"]
[BlackElo "1365"]

1. d4 {[%clk 00:50:17]} {[%emt 00:00:05]} g6 {[%clk 00:50:16]} {[%emt
00:00:03]} 2. c4 {[%clk 00:50:07]} {[%emt 00:00:20]} Bg7 {[%clk 00:50:20]}
{[%emt 00:00:06]} 3. e4 {[%clk 00:50:10]} {[%emt 00:00:08]} d6 {[%clk
00:50:26]} {[%emt 00:00:03]} 4. Nc3 {[%clk 00:49:48]} {[%emt 00:00:31]} Nf6
{[%clk 00:50:28]} {[%emt 00:00:08]} 5. Be3 {[%clk 00:49:17]} {[%emt 00:00:41]}
O-O {[%clk 00:50:25]} {[%emt 00:00:13]} 6. Qd2 {[%clk 00:48:25]} {[%emt
00:01:02]} Re8 {[%clk 00:50:25]} {[%emt 00:00:10]} 7. O-O-O {[%clk 00:47:51]}
{[%emt 00:00:44]} Nbd7 {[%clk 00:50:28]} {[%emt 00:00:07]} 8. f3 {[%clk
00:47:10]} {[%emt 00:00:51]} a5 {[%clk 00:50:24]} {[%emt 00:00:14]} 9. Bd3
{[%clk 00:45:28]} {[%emt 00:01:52]} b6 {[%clk 00:49:57]} {[%emt 00:00:37]} 10.
Nge2 {[%clk 00:44:34]} {[%emt 00:01:04]} e5 {[%clk 00:49:53]} {[%emt 00:00:15]}
11. d5 {[%clk 00:44:37]} {[%emt 00:00:07]} Nc5 {[%clk 00:49:49]} {[%emt
00:00:13]} 12. Kb1 {[%clk 00:41:27]} {[%emt 00:03:20]} Bd7 {[%clk 00:49:18]}
{[%emt 00:00:41]} 13. h4 {[%clk 00:37:36]} {[%emt 00:04:02]} h5 {[%clk
00:48:24]} {[%emt 00:01:04]} 14. Rdg1 {[%clk 00:36:42]} {[%emt 00:01:04]} a4
{[%clk 00:47:38]} {[%emt 00:00:56]} 15. Bg5 {[%clk 00:33:39]} {[%emt 00:03:12]}
Qc8 {[%clk 00:45:45]} {[%emt 00:02:03]} 16. Nc1 {[%clk 00:31:16]} {[%emt
00:02:33]} Qa6 {[%clk 00:42:54]} {[%emt 00:03:00]} 17. a3 {[%clk 00:28:20]}
{[%emt 00:03:07]} Reb8 {[%clk 00:37:19]} {[%emt 00:05:45]} 18. N3a2 {[%clk
00:26:25]} {[%emt 00:02:06]} b5 {[%clk 00:35:48]} {[%emt 00:01:40]} 19. Nb4
{[%clk 00:25:42]} {[%emt 00:00:53]} Qb6 {[%clk 00:35:27]} {[%emt 00:00:30]} 20.
Bxf6 {[%clk 00:22:48]} {[%emt 00:03:06]} Bxf6 {[%clk 00:34:51]} {[%emt
00:00:46]} 21. g4 {[%clk 00:22:55]} {[%emt 00:00:02]} Nxd3 {[%clk 00:34:51]}
{[%emt 00:00:10]} 22. Ncxd3 {[%clk 00:21:41]} {[%emt 00:01:24]} bxc4 {[%clk
00:33:41]} {[%emt 00:01:20]} 23. Nf2 {[%clk 00:21:00]} {[%emt 00:00:51]} Kh7
{[%clk 00:31:30]} {[%emt 00:02:21]} 24. Nh3 {[%clk 00:18:30]} {[%emt 00:02:41]}
Qd4 {[%clk 00:24:36]} {[%emt 00:07:03]} 25. Qc1 {[%clk 00:13:09]} {[%emt
00:05:32]} Rxb4 {[%clk 00:17:49]} {[%emt 00:06:56]} 26. axb4 {[%clk 00:11:46]}
{[%emt 00:01:33]} Qd3+ {[%clk 00:16:29]} {[%emt 00:01:30]} 27. Qc2 {[%clk
00:10:26]} {[%emt 00:01:30]} Qxf3 {[%clk 00:15:00]} {[%emt 00:01:39]} 28. Rf1
{[%clk 00:07:51]} {[%emt 00:02:46]} Qxg4 {[%clk 00:09:20]} {[%emt 00:05:49]} 29.
Rxf6 {[%clk 00:06:56]} {[%emt 00:01:05]} Kg7 {[%clk 00:08:26]} {[%emt
00:01:04]} 30. Rf2 {[%clk 00:04:42]} {[%emt 00:02:24]} Qxh4 {[%clk 00:08:12]}
{[%emt 00:00:25]} 31. Qxc4 {[%clk 00:04:18]} {[%emt 00:00:33]} Bxh3 {[%clk
00:06:40]} {[%emt 00:01:41]} 32. Rf3 {[%clk 00:03:47]} {[%emt 00:00:42]} a3
{[%clk 00:05:20]} {[%emt 00:01:30]} 33. bxa3 {[%clk 00:02:35]} {[%emt
00:01:22]} Ra7 {[%clk 00:03:21]} {[%emt 00:02:10]} 34. Rfxh3 {[%clk 00:02:25]}
{[%emt 00:00:20]} Qf2 {[%clk 00:02:59]} {[%emt 00:00:32]} 35. Qc2 {[%clk
00:02:22]} {[%emt 00:00:12]} Qd4 {[%clk 00:02:42]} {[%emt 00:00:27]} 36. Rd1
{[%clk 00:02:13]} {[%emt 00:00:20]} Qb6 {[%clk 00:02:32]} {[%emt 00:00:19]} 37.
Rf1 {[%clk 00:01:44]} {[%emt 00:00:39]} Ra5 {[%clk 00:02:15]} {[%emt 00:00:26]}
38. Rhf3 {[%clk 00:01:42]} {[%emt 00:00:13]} f6 {[%clk 00:01:56]} {[%emt
00:00:29]} 39. Rxf6 {[%clk 00:01:35]} {[%emt 00:00:17]} Rxa3 {[%clk 00:02:02]}
{[%emt 00:00:04]} 40. Rf7+ {[%clk 00:01:39]} {[%emt 00:00:06]} Kh6 {[%clk
00:01:45]} {[%emt 00:00:27]} 41. Qd2+ {[%clk 00:01:22]} {[%emt 00:00:27]} Qe3
{[%clk 00:01:33]} {[%emt 00:00:22]} 42. Qxe3+ {[%clk 00:01:15]} {[%emt
00:00:17]} Rxe3 {[%emt 00:00:03]} 43. Rxc7 {[%clk 00:01:16]} {[%emt 00:00:07]}
Rxe4 {[%emt 00:00:05]} 44. Rb7 {[%clk 00:01:22]} {[%emt 00:00:01]} Rd4 {[%clk
00:01:51]} {[%emt 00:00:10]} 45. b5 {[%clk 00:01:28]} {[%emt 00:00:04]} e4
{[%clk 00:01:59]} 46. Rb8 {[%clk 00:01:34]} {[%emt 00:00:04]} Rxd5 {[%clk
00:02:01]} {[%emt 00:00:08]} 47. b6 {[%clk 00:01:43]} {[%emt 00:00:01]} Rb5+
{[%clk 00:02:08]} {[%emt 00:00:03]} 48. Kc2 {[%clk 00:01:50]} {[%emt 00:00:02]}
Rc5+ {[%clk 00:02:11]} {[%emt 00:00:08]} 49. Kb3 {[%clk 00:01:57]} {[%emt
00:00:03]} e3 {[%clk 00:02:09]} {[%emt 00:00:12]} 50. Re1 {[%clk 00:02:01]}
{[%emt 00:00:06]} Kg5 {[%clk 00:02:02]} {[%emt 00:00:18]} 51. b7 {[%clk
00:02:06]} {[%emt 00:00:04]} d5 {[%clk 00:02:04]} {[%emt 00:00:08]} 52. Rxe3
{[%clk 00:02:09]} {[%emt 00:00:07]} Kf4 {[%clk 00:02:05]} {[%emt 00:00:09]} 53.
Rc3 {[%clk 00:01:57]} {[%emt 00:00:23]} Rb5+ {[%clk 00:01:49]} {[%emt
00:00:26]} 54. Ka4 {[%clk 00:02:06]} d4 {[%clk 00:01:43]} {[%emt 00:00:16]} 55.
Kxb5 {[%clk 00:02:11]} {[%emt 00:00:04]} dxc3 {[%clk 00:01:51]} {[%emt
00:00:02]} 56. Rc8 {[%clk 00:02:20]} {[%emt 00:00:01]} 1-0

[Event "English Schools Championship Final 2024"]
[Site "Nottingham University Kings Meadow Campus, United Kingdom"]
[Date "2024.06.28"]
[Round "5.39"]
[White "Burnton, Joshua"]
[Black "Kent, Rowan"]
[Result "1-0"]
[TimeControl "G50' + 10\" per move."]
[WhiteFideId "343401317"]
[BlackFideId "460931"]
[WhiteElo "1846"]
[BlackElo "1713"]

1. e4 {[%clk 00:50:19]} {[%emt 00:00:01]} e5 {[%clk 00:50:17]} {[%emt
00:00:04]} 2. Nf3 {[%clk 00:50:25]} {[%emt 00:00:02]} Nc6 {[%clk 00:50:25]}
{[%emt 00:00:03]} 3. Bb5 {[%clk 00:50:31]} {[%emt 00:00:03]} a6 {[%clk
00:50:31]} {[%emt 00:00:07]} 4. Ba4 {[%clk 00:50:39]} Nf6 {[%clk 00:50:36]}
{[%emt 00:00:07]} 5. O-O {[%clk 00:50:44]} {[%emt 00:00:02]} b5 {[%clk
00:50:33]} {[%emt 00:00:14]} 6. Bb3 {[%clk 00:50:50]} {[%emt 00:00:04]} Bc5
{[%clk 00:50:26]} {[%emt 00:00:17]} 7. c3 {[%clk 00:49:38]} {[%emt 00:01:22]}
Nxe4 {[%clk 00:46:05]} {[%emt 00:04:31]} 8. Qe2 {[%clk 00:46:16]} {[%emt
00:03:31]} Nxf2 {[%clk 00:45:03]} {[%emt 00:01:12]} 9. d4 {[%clk 00:46:00]}
{[%emt 00:00:26]} Be7 {[%clk 00:34:51]} {[%emt 00:10:23]} 10. Rxf2 {[%clk
00:44:36]} {[%emt 00:01:33]} O-O {[%clk 00:34:24]} {[%emt 00:00:38]} 11. Be3
{[%clk 00:37:37]} {[%emt 00:07:08]} e4 {[%clk 00:30:52]} {[%emt 00:03:43]} 12.
Ne5 {[%clk 00:37:15]} {[%emt 00:00:32]} Nxe5 {[%clk 00:30:39]} {[%emt
00:00:23]} 13. dxe5 {[%clk 00:37:18]} {[%emt 00:00:07]} Bb7 {[%clk 00:30:36]}
{[%emt 00:00:12]} 14. Nd2 {[%clk 00:36:46]} {[%emt 00:00:42]} d5 {[%clk
00:30:21]} {[%emt 00:00:26]} 15. exd6 {[%clk 00:36:42]} {[%emt 00:00:13]} cxd6
{[%clk 00:30:26]} {[%emt 00:00:05]} 16. Raf1 {[%clk 00:34:14]} {[%emt
00:02:37]} d5 {[%clk 00:29:35]} {[%emt 00:01:03]} 17. Bd4 {[%clk 00:33:57]}
{[%emt 00:00:27]} Qd7 {[%clk 00:28:26]} {[%emt 00:01:19]} 18. Nxe4 {[%clk
00:33:10]} {[%emt 00:00:56]} dxe4 {[%clk 00:27:59]} {[%emt 00:00:37]} 19. Rxf7
{[%clk 00:33:06]} {[%emt 00:00:13]} Rxf7 {[%clk 00:26:47]} {[%emt 00:01:23]} 20.
Rxf7 {[%clk 00:33:10]} {[%emt 00:00:07]} Bd5 {[%clk 00:26:19]} {[%emt
00:00:38]} 21. Rxg7+ {[%clk 00:33:13]} {[%emt 00:00:06]} Kf8 {[%clk 00:26:03]}
{[%emt 00:00:26]} 22. Qxe4 {[%clk 00:31:54]} {[%emt 00:01:30]} Bc5 {[%clk
00:24:29]} {[%emt 00:01:44]} 23. Qf4+ {[%clk 00:30:39]} {[%emt 00:01:25]} Ke8
{[%clk 00:24:06]} {[%emt 00:00:32]} 24. Qe5+ {[%clk 00:30:10]} {[%emt
00:00:39]} Be7 {[%clk 00:22:26]} {[%emt 00:01:50]} 25. Bxd5 {[%clk 00:29:42]}
{[%emt 00:00:38]} 1-0

[Event "English Schools Championship Final 2024"]
[Site "Nottingham University Kings Meadow Campus, United Kingdom"]
[Date "2024.06.28"]
[Round "5.40"]
[White "Korchagina, Polina"]
[Black "Sisupalan, Beni"]
[Result "0-1"]
[TimeControl "G50' + 10\" per move."]
[WhiteFideId "14174537"]
[BlackFideId "494585"]
[WhiteElo "1732"]
[BlackElo "1736"]

1. e4 {[%clk 00:50:18]} {[%emt 00:00:04]} e5 {[%clk 00:50:19]} 2. Nf3 {[%clk
00:50:24]} {[%emt 00:00:04]} Nc6 {[%clk 00:50:22]} {[%emt 00:00:07]} 3. Bb5
{[%clk 00:50:27]} {[%emt 00:00:07]} a6 {[%clk 00:50:23]} {[%emt 00:00:11]} 4.
Ba4 {[%clk 00:50:34]} Nf6 {[%clk 00:50:25]} {[%emt 00:00:08]} 5. d3 {[%clk
00:50:31]} {[%emt 00:00:14]} b5 {[%clk 00:50:13]} {[%emt 00:00:22]} 6. Bb3
{[%clk 00:50:38]} {[%emt 00:00:04]} Be7 {[%clk 00:50:05]} {[%emt 00:00:17]} 7.
Nc3 {[%clk 00:49:49]} {[%emt 00:00:58]} O-O {[%clk 00:49:50]} {[%emt 00:00:26]}
8. h3 {[%clk 00:48:06]} {[%emt 00:01:54]} d6 {[%clk 00:49:14]} {[%emt
00:00:46]} 9. O-O {[%clk 00:46:20]} {[%emt 00:01:55]} Be6 {[%clk 00:48:12]}
{[%emt 00:01:11]} 10. Bd5 {[%clk 00:39:18]} {[%emt 00:07:12]} Bxd5 {[%clk
00:46:50]} {[%emt 00:01:32]} 11. Nxd5 {[%clk 00:39:18]} {[%emt 00:00:10]} Nxd5
{[%clk 00:45:11]} {[%emt 00:01:50]} 12. exd5 {[%clk 00:39:23]} {[%emt
00:00:05]} Nd4 {[%clk 00:44:44]} {[%emt 00:00:36]} 13. Nxd4 {[%clk 00:33:35]}
{[%emt 00:05:58]} exd4 {[%clk 00:44:52]} {[%emt 00:00:02]} 14. Qg4 {[%clk
00:33:37]} {[%emt 00:00:09]} Bf6 {[%clk 00:44:32]} {[%emt 00:00:30]} 15. Re1
{[%clk 00:33:36]} {[%emt 00:00:10]} Qc8 {[%clk 00:43:50]} {[%emt 00:00:52]} 16.
Qg3 {[%clk 00:32:44]} {[%emt 00:01:02]} Qf5 {[%clk 00:43:31]} {[%emt 00:00:30]}
17. Qf3 {[%clk 00:31:28]} {[%emt 00:01:25]} Qxf3 {[%clk 00:42:13]} {[%emt
00:01:29]} 18. gxf3 {[%clk 00:31:32]} {[%emt 00:00:06]} Rfe8 {[%clk 00:41:25]}
{[%emt 00:00:57]} 19. Bd2 {[%clk 00:31:33]} {[%emt 00:00:10]} Kf8 {[%clk
00:40:11]} {[%emt 00:01:24]} 20. Ba5 {[%clk 00:29:40]} {[%emt 00:02:02]} Ra7
{[%clk 00:38:29]} {[%emt 00:01:51]} 21. Re4 {[%clk 00:28:54]} {[%emt 00:00:57]}
Re5 {[%clk 00:36:44]} {[%emt 00:01:56]} 22. Rae1 {[%clk 00:27:47]} {[%emt
00:01:17]} Rb7 {[%clk 00:35:40]} {[%emt 00:01:13]} 23. a3 {[%clk 00:22:52]}
{[%emt 00:05:06]} g5 {[%clk 00:33:58]} {[%emt 00:01:52]} 24. Rxe5 {[%clk
00:18:06]} {[%emt 00:04:56]} Bxe5 {[%clk 00:29:11]} {[%emt 00:04:56]} 25. Kg2
{[%clk 00:14:07]} {[%emt 00:04:10]} Rb8 {[%clk 00:26:35]} {[%emt 00:02:46]} 26.
Bb4 {[%clk 00:12:47]} {[%emt 00:01:30]} Ke8 {[%clk 00:22:17]} {[%emt 00:04:27]}
27. Bd2 {[%clk 00:12:15]} {[%emt 00:00:42]} f6 {[%clk 00:21:18]} {[%emt
00:01:10]} 28. f4 {[%clk 00:12:00]} {[%emt 00:00:25]} gxf4 {[%clk 00:21:09]}
{[%emt 00:00:19]} 29. Bxf4 {[%clk 00:12:06]} {[%emt 00:00:03]} Kd7 {[%clk
00:18:07]} {[%emt 00:03:13]} 30. Bg3 {[%emt 00:02:24]} c5 {[%clk 00:16:07]} 31.
dxc6+ {[%clk 00:11:10]} {[%emt 00:01:02]} Kxc6 {[%clk 00:15:47]} {[%emt
00:00:29]} 32. f4 {[%clk 00:11:17]} {[%emt 00:00:03]} Kd5 {[%clk 00:14:53]}
{[%emt 00:01:05]} 33. fxe5 {[%clk 00:11:23]} {[%emt 00:00:04]} dxe5 {[%clk
00:14:44]} {[%emt 00:00:18]} 34. Kf3 {[%clk 00:11:26]} {[%emt 00:00:06]} Rc8
{[%clk 00:14:26]} {[%emt 00:00:29]} 35. Re2 {[%clk 00:11:18]} {[%emt 00:00:19]}
Re8 {[%clk 00:13:23]} {[%emt 00:01:13]} 36. Rg2 {[%clk 00:09:31]} {[%emt
00:01:57]} f5 {[%clk 00:12:57]} {[%emt 00:00:36]} 37. Bh4 {[%clk 00:07:35]}
{[%emt 00:02:05]} Rc8 {[%clk 00:12:19]} {[%emt 00:00:48]} 38. Be1 {[%clk
00:06:46]} {[%emt 00:00:59]} e4+ {[%clk 00:11:10]} {[%emt 00:01:20]} 39. dxe4+
{[%clk 00:06:42]} {[%emt 00:00:14]} fxe4+ {[%clk 00:11:18]} {[%emt 00:00:02]}
40. Kf4 {[%clk 00:05:16]} {[%emt 00:01:30]} Rf8+ {[%clk 00:11:11]} {[%emt
00:00:23]} 41. Kg3 {[%clk 00:05:17]} {[%emt 00:00:08]} Rf1 {[%clk 00:10:40]}
{[%emt 00:00:41]} 42. Bb4 {[%clk 00:05:13]} {[%emt 00:00:15]} Rb1 {[%clk
00:09:54]} {[%emt 00:00:56]} 43. b3 {[%clk 00:04:40]} {[%emt 00:00:43]} d3
{[%clk 00:09:32]} {[%emt 00:00:31]} 44. cxd3 {[%clk 00:04:07]} {[%emt
00:00:43]} Rxb3 {[%clk 00:09:28]} {[%emt 00:00:14]} 45. Kf4 {[%clk 00:03:15]}
{[%emt 00:01:01]} exd3 {[%clk 00:07:27]} {[%emt 00:02:12]} 46. Rd2 {[%clk
00:02:43]} {[%emt 00:00:43]} a5 {[%clk 00:06:42]} {[%emt 00:00:54]} 47. Bxa5
{[%clk 00:02:43]} {[%emt 00:00:11]} Rxa3 {[%clk 00:06:50]} {[%emt 00:00:02]} 48.
Bb6 {[%clk 00:02:17]} {[%emt 00:00:13]} b4 {[%clk 00:06:25]} {[%emt 00:00:58]}
49. Ke3 {[%clk 00:02:13]} {[%emt 00:00:15]} Kc4 {[%clk 00:06:11]} {[%emt
00:00:23]} 50. Bd4 {[%clk 00:02:01]} {[%emt 00:00:20]} Rb3 {[%clk 00:05:09]}
{[%emt 00:01:14]} 51. h4 {[%clk 00:01:44]} {[%emt 00:00:27]} Rb1 {[%clk
00:03:46]} {[%emt 00:01:32]} 52. Rxd3 {[%clk 00:01:25]} {[%emt 00:00:30]} Rh1
{[%clk 00:03:43]} {[%emt 00:00:13]} 53. Ke2 {[%clk 00:01:06]} {[%emt 00:00:29]}
Rh2+ {[%clk 00:03:37]} {[%emt 00:00:16]} 54. Kf3 {[%clk 00:00:15]} {[%emt
00:01:02]} Kxd3 {[%clk 00:03:35]} {[%emt 00:00:10]} 55. Be5 {[%clk 00:00:21]}
{[%emt 00:00:05]} Rxh4 {[%emt 00:00:48]} 0-1

[Event "English Schools Championship Final 2024"]
[Site "Nottingham University Kings Meadow Campus, United Kingdom"]
[Date "2024.06.28"]
[Round "5.41"]
[White "Chen, Eng Jie"]
[Black "Hartshorn, Harry"]
[Result "1-0"]
[TimeControl "G50' + 10\" per move."]
[WhiteFideId "343428584"]
[BlackFideId "343404219"]
[WhiteElo "1718"]
[BlackElo "1442"]

1. e4 {[%clk 00:50:19]} c5 {[%clk 00:50:16]} {[%emt 00:00:05]} 2. Nc3 {[%clk
00:50:26]} {[%emt 00:00:03]} Nc6 {[%clk 00:50:15]} {[%emt 00:00:12]} 3. g3
{[%clk 00:50:33]} {[%emt 00:00:02]} d6 {[%clk 00:50:14]} {[%emt 00:00:12]} 4.
Bg2 {[%clk 00:50:38]} {[%emt 00:00:02]} g6 {[%clk 00:50:12]} {[%emt 00:00:12]}
5. d3 {[%clk 00:50:42]} {[%emt 00:00:08]} Bg7 {[%clk 00:50:05]} {[%emt
00:00:15]} 6. Be3 {[%clk 00:50:38]} {[%emt 00:00:14]} Nf6 {[%clk 00:49:32]}
{[%emt 00:00:43]} 7. h3 {[%clk 00:50:17]} {[%emt 00:00:31]} Rb8 {[%clk
00:46:04]} {[%emt 00:03:38]} 8. Nge2 {[%clk 00:49:49]} {[%emt 00:00:38]} O-O
{[%clk 00:41:29]} {[%emt 00:04:45]} 9. Qd2 {[%clk 00:49:48]} {[%emt 00:00:12]}
b5 {[%clk 00:40:00]} {[%emt 00:01:39]} 10. O-O {[%clk 00:48:57]} {[%emt
00:01:00]} Qb6 {[%clk 00:38:27]} {[%emt 00:01:43]} 11. Bh6 {[%clk 00:45:40]}
{[%emt 00:03:27]} b4 {[%clk 00:37:44]} {[%emt 00:00:53]} 12. Nd1 {[%clk
00:45:30]} {[%emt 00:00:20]} Bb7 {[%clk 00:36:08]} {[%emt 00:01:46]} 13. Bxg7
{[%clk 00:45:20]} {[%emt 00:00:20]} Kxg7 {[%clk 00:36:11]} {[%emt 00:00:07]} 14.
Ne3 {[%clk 00:45:19]} {[%emt 00:00:11]} a5 {[%clk 00:33:07]} {[%emt 00:03:14]}
15. a3 {[%clk 00:41:53]} {[%emt 00:03:36]} Rfc8 {[%clk 00:30:25]} {[%emt
00:02:52]} 16. f4 {[%clk 00:41:41]} {[%emt 00:00:23]} Rc7 {[%clk 00:24:58]}
{[%emt 00:05:37]} 17. g4 {[%clk 00:41:06]} {[%emt 00:00:44]} e5 {[%clk
00:24:01]} {[%emt 00:01:07]} 18. g5 {[%emt 00:00:38]} Ng8 {[%clk 00:21:57]}
{[%emt 00:02:09]} 19. Nd5 {[%clk 00:40:26]} {[%emt 00:00:27]} Qa7 {[%clk
00:20:44]} {[%emt 00:01:22]} 20. Nxc7 {[%clk 00:40:11]} {[%emt 00:00:26]} Nce7
{[%clk 00:19:09]} {[%emt 00:01:45]} 21. Nd5 {[%clk 00:39:54]} {[%emt 00:00:27]}
Nxd5 {[%emt 00:01:05]} 22. exd5 {[%clk 00:39:58]} {[%emt 00:00:05]} Rc8 {[%clk
00:17:49]} {[%emt 00:00:36]} 23. Qe3 {[%clk 00:39:18]} {[%emt 00:00:51]} Re8
{[%clk 00:17:13]} {[%emt 00:00:45]} 24. Qf2 {[%emt 00:01:06]} Bc8 {[%clk
00:16:40]} {[%emt 00:00:41]} 25. fxe5 {[%clk 00:38:05]} {[%emt 00:00:29]} Rxe5
{[%clk 00:16:30]} {[%emt 00:00:20]} 26. axb4 {[%clk 00:37:25]} {[%emt
00:00:51]} Qe7 {[%clk 00:15:39]} {[%emt 00:01:00]} 27. Ng3 {[%clk 00:33:15]}
{[%emt 00:04:19]} Rxg5 {[%clk 00:14:57]} {[%emt 00:00:52]} 28. Rae1 {[%clk
00:31:27]} {[%emt 00:01:59]} Qb7 {[%clk 00:14:40]} {[%emt 00:00:28]} 29. bxc5
{[%clk 00:30:38]} {[%emt 00:00:59]} f5 {[%clk 00:14:00]} {[%emt 00:00:49]} 30.
cxd6 {[%clk 00:29:30]} {[%emt 00:01:18]} Qd7 {[%clk 00:13:42]} {[%emt
00:00:29]} 31. Qf4 {[%clk 00:29:02]} {[%emt 00:00:37]} h6 {[%clk 00:13:01]}
{[%emt 00:00:51]} 32. Kh2 {[%clk 00:28:49]} {[%emt 00:00:23]} Bb7 {[%clk
00:12:22]} {[%emt 00:00:49]} 33. Qe5+ {[%clk 00:28:17]} {[%emt 00:00:42]} Kh7
{[%clk 00:11:58]} {[%emt 00:00:34]} 34. Qe7+ {[%clk 00:28:03]} {[%emt
00:00:24]} Nxe7 {[%clk 00:11:55]} {[%emt 00:00:13]} 35. Rxe7+ {[%clk 00:28:08]}
{[%emt 00:00:06]} Kg8 {[%clk 00:11:48]} {[%emt 00:00:17]} 36. Rxd7 {[%clk
00:28:04]} {[%emt 00:00:14]} Ba6 {[%clk 00:11:33]} {[%emt 00:00:24]} 37. Ra7
{[%clk 00:27:55]} {[%emt 00:00:19]} Bb5 {[%clk 00:11:26]} {[%emt 00:00:17]} 38.
d7 {[%clk 00:27:57]} {[%emt 00:00:08]} Bxd7 {[%clk 00:11:27]} {[%emt 00:00:09]}
39. Rxd7 {[%clk 00:28:02]} {[%emt 00:00:05]} Kf8 {[%clk 00:11:26]} {[%emt
00:00:11]} 40. Ne2 {[%clk 00:27:29]} {[%emt 00:00:44]} Ke8 {[%clk 00:11:22]}
{[%emt 00:00:14]} 41. Rh7 {[%clk 00:27:29]} {[%emt 00:00:09]} Rh5 {[%clk
00:11:21]} {[%emt 00:00:11]} 42. d6 {[%clk 00:27:14]} {[%emt 00:00:26]} g5
{[%clk 00:11:24]} {[%emt 00:00:06]} 43. Ra1 {[%clk 00:27:02]} {[%emt 00:00:23]}
g4 {[%clk 00:11:24]} {[%emt 00:00:09]} 44. Rxa5 {[%clk 00:27:08]} {[%emt
00:00:04]} gxh3 {[%clk 00:11:19]} {[%emt 00:00:15]} 45. Ra8# {[%clk 00:27:08]}
{[%emt 00:00:10]} 1-0

[Event "English Schools Championship Final 2024"]
[Site "Nottingham University Kings Meadow Campus, United Kingdom"]
[Date "2024.06.28"]
[Round "5.43"]
[White "Fung, Marcus"]
[Black "Kukreja, Karan"]
[Result "0-1"]
[TimeControl "G50' + 10\" per move."]
[WhiteFideId "343413269"]
[BlackFideId "458821"]
[WhiteElo "1739"]
[BlackElo "1917"]

1. e4 {[%clk 00:50:10]} c6 {[%clk 00:50:10]} 2. Nf3 {[%clk 00:50:17]} {[%emt
03:47:16]} d5 {[%clk 00:50:29]} 3. exd5 {[%clk 00:50:16]} {[%emt 00:00:12]}
cxd5 {[%clk 00:50:39]} 4. Ne5 {[%clk 00:50:17]} {[%emt 00:00:09]} Nd7 {[%clk
00:49:55]} {[%emt 00:00:54]} 5. Bb5 {[%clk 00:48:43]} {[%emt 00:01:45]} Ngf6
{[%clk 00:49:51]} {[%emt 00:00:13]} 6. d4 {[%clk 00:48:40]} {[%emt 00:00:12]}
a6 {[%clk 00:49:18]} {[%emt 00:00:43]} 7. Nxd7 {[%clk 00:47:40]} {[%emt
00:01:10]} Bxd7 {[%clk 00:49:22]} {[%emt 00:00:07]} 8. Bxd7+ {[%clk 00:47:07]}
{[%emt 00:00:43]} Qxd7 {[%clk 00:49:31]} 9. Be3 {[%clk 00:46:45]} {[%emt
00:00:32]} g6 {[%clk 00:49:10]} {[%emt 00:00:31]} 10. Nd2 {[%clk 00:46:48]}
{[%emt 00:00:07]} Bg7 {[%clk 00:49:10]} {[%emt 00:00:10]} 11. Nf3 {[%clk
00:46:43]} {[%emt 00:00:15]} Qb5 {[%clk 00:48:40]} {[%emt 00:00:39]} 12. b3
{[%clk 00:45:59]} {[%emt 00:00:55]} Rc8 {[%clk 00:47:58]} {[%emt 00:00:52]} 13.
a4 {[%clk 00:44:54]} {[%emt 00:01:15]} Qc6 {[%clk 00:46:21]} {[%emt 00:01:46]}
14. Rc1 {[%clk 00:44:50]} {[%emt 00:00:15]} Ne4 {[%clk 00:44:36]} {[%emt
00:01:55]} 15. c4 {[%clk 00:43:23]} {[%emt 00:01:37]} O-O {[%clk 00:44:16]}
{[%emt 00:00:30]} 16. O-O {[%clk 00:43:25]} {[%emt 00:00:08]} Qe6 {[%clk
00:40:50]} {[%emt 00:03:35]} 17. Qd3 {[%clk 00:37:16]} {[%emt 00:06:18]} Rc6
{[%clk 00:33:59]} {[%emt 00:07:03]} 18. Ng5 {[%clk 00:35:18]} {[%emt 00:02:07]}
Nxg5 {[%clk 00:33:16]} {[%emt 00:00:54]} 19. Bxg5 {[%clk 00:35:20]} {[%emt
00:00:08]} Rfc8 {[%clk 00:29:57]} {[%emt 00:03:29]} 20. Rfe1 {[%clk 00:34:32]}
{[%emt 00:00:58]} dxc4 {[%clk 00:27:18]} {[%emt 00:02:49]} 21. bxc4 {[%clk
00:33:56]} {[%emt 00:00:46]} Rxc4 {[%clk 00:25:56]} {[%emt 00:01:32]} 22. Rb1
{[%clk 00:25:27]} {[%emt 00:08:38]} Qd5 {[%clk 00:24:54]} {[%emt 00:01:12]} 23.
Bxe7 {[%clk 00:23:56]} {[%emt 00:01:41]} Rxd4 {[%clk 00:21:45]} {[%emt
00:03:20]} 24. Qb3 {[%clk 00:21:38]} {[%emt 00:02:28]} Qxb3 {[%clk 00:21:03]}
{[%emt 00:00:52]} 25. Rxb3 {[%clk 00:21:40]} {[%emt 00:00:08]} Re4 {[%clk
00:20:10]} {[%emt 00:01:01]} 26. Kf1 {[%clk 00:19:13]} {[%emt 00:02:39]} Rxe1+
{[%clk 00:19:02]} {[%emt 00:01:18]} 27. Kxe1 {[%clk 00:19:16]} {[%emt
00:00:06]} Re8 {[%clk 00:18:34]} {[%emt 00:00:38]} 28. Re3 {[%clk 00:18:59]}
{[%emt 00:00:27]} f5 {[%clk 00:18:12]} {[%emt 00:00:32]} 29. Kd1 {[%clk
00:17:42]} {[%emt 00:01:27]} Kf7 {[%clk 00:18:04]} {[%emt 00:00:19]} 30. Bc5
{[%clk 00:17:22]} {[%emt 00:00:29]} Rxe3 {[%clk 00:17:59]} {[%emt 00:00:16]} 31.
Bxe3 {[%clk 00:17:21]} {[%emt 00:00:10]} Ke6 {[%clk 00:18:03]} {[%emt
00:00:06]} 32. Kc2 {[%clk 00:17:05]} {[%emt 00:00:26]} Kd5 {[%clk 00:18:04]}
{[%emt 00:00:10]} 33. Kb3 {[%clk 00:16:47]} {[%emt 00:00:27]} Bd4 {[%clk
00:17:45]} {[%emt 00:00:30]} 34. Kb4 {[%clk 00:14:52]} {[%emt 00:02:05]} Bxe3
{[%clk 00:15:51]} {[%emt 00:02:04]} 35. fxe3 {[%clk 00:14:37]} {[%emt
00:00:24]} b5 {[%clk 00:15:11]} {[%emt 00:01:57]} 0-1